ბათუმის შოთა რუსთაველის სახელმწიფო უნივერსიტეტის ბიბლიოთეკა

ფიქრები ქართულ ოჯახსა და დემოგრაფიაზე : (ბიბ.ჩანაწერი № 48205)

000 -ლიდერი
ფიქსირებული სიგრძის საკონტროლო ველი 01201nam a2200217Ia 4500
001 - საკონტროლო ნომერი
საკონტროლო ველი 15087
003 - საკონტროლო ნომრის იდენტიფიკატორი
საკონტროლო ველი GE_BSU
005 - ბოლო ოპერაციის თარიღი და დრო
საკონტროლო ველი 20250825162255.0
008 - ფიქსირებული სიგრძის მონაცემთა ელემენტები - ზოგადი ინფორმაცია
ფიქსირებული სიგრძის საკონტროლო ველი 181216s2007||||ge |||||||||||||| ||geo||
020 ## - წიგნის საერთაშორისო სტანდარტული ნომერი
International Standard Book Number 978994069101
040 ## - კატალოგიზაციის წყარო
Transcribing agency GE_BSU
041 ## - ენის კოდი
Language code of text/sound track or separate title geo
080 ## - უნივერსალური ათობითი კლასიფიკაციის ინდექსი
Universal Decimal Classification number 314.5/6(479.22) ს-92
100 ## - მთავარი ჩანაწერი - პიროვნების სახელი
Personal name სულაბერიძე, ავთანდილ
9 (RLIN) 23954
245 ## - ცნობა სათაურის შესახებ
Title ფიქრები ქართულ ოჯახსა და დემოგრაფიაზე :
Remainder of title ქართული ოჯახი, დემოგრაფია /
Statement of responsibility, etc ავთანდილ სულაბერიძე ; [რედ. : გიორგი წულაძე, რომან ხარბედია] ; საქ. განათლ. და მეცნ. სამინ. დემოგრაფიისა და სოციოლოგიის ინ-ტი.
264 ## - წარმოების, გამოცემის, დისტრიბუციის და სხვა ცნობები
გამოცემის, წარმოების, დისტრიბუციის... ადგილი თბილისი :
გამოცემის, წარმოების, დისტრიბუციის... სახელწოდება ?,
გამოცემის, წარმოების, დისტრიბუციის... თარიღი 2007.
300 ## - ფიზიკური აღწერა
Extent 470 გვ. ;
Dimensions 20 სმ.
653 ## - INDEX TERM--UNCONTROLLED
Uncontrolled term ფიქრები ქართულ ოჯახსა და დემოგრაფიაზე
653 ## - INDEX TERM--UNCONTROLLED
Uncontrolled term ქართული ოჯახი, დემოგრაფია
942 ## - ADDED ENTRY ELEMENTS (KOHA)
Koha item type წიგნი
Source of classification or shelving scheme
ეგზემპლარები
ჩამოწერის სტატუსი დაკარგული ეგზემპლარის სტატუსი კლასიფიკაციის წყარო ან თაროზე გაწყობის სქემა დაზიანების სტატუსი არ გაიცემა მუდმივი მდებარეობა (დაცვის ადგილი) ამჟამინდელი ადგილსამყოფელი თაროზე განთავსების ადგილი შეძენის თარიღი ღირებულება, შესყიდვის ნორმალური ფასი სრული შენახვის შიფრი შტრიხკოდი ბოლო ოპერაციის თარიღი ეგზემპლარის მიმდევრობითი ნომერი (კეტერი?) ფასის ძალაში შესვლის თარიღი ეგზემპლარის სახეობა საჯარო შენიშვნა
          ბათუმის შოთა რუსთაველის სახელმწიფო უნივერსიტეტის მთავარი ბიბლიოთეკა ბათუმის შოთა რუსთაველის სახელმწიფო უნივერსიტეტის მთავარი ბიბლიოთეკა წიგნსაცავი 2018-12-17 10.00 314.5/6(479.22) ს-92 38119 2018-12-17 38119 2018-12-17 წიგნი 10.00 ₾.
          ბათუმის შოთა რუსთაველის სახელმწიფო უნივერსიტეტის მთავარი ბიბლიოთეკა ბათუმის შოთა რუსთაველის სახელმწიფო უნივერსიტეტის მთავარი ბიბლიოთეკა წიგნსაცავი 2018-12-17 10.00 314.5/6(479.22) ს-92 28114 2018-12-17 28114 2018-12-17 წიგნი 10.00 ₾.